[Event "ENG-ch U10"]
[Site "Milton Keynes"]
[Date "2021.10.03"]
[Round "5"]
[White "Gushchin, Arseniy"]
[Black "Catabay, Rezin C"]
[Result "0-1"]
[WhiteElo "1278"]
[BlackElo "1353"]
[PlyCount "80"]
[EventDate "2021.10.02"]
[EventType "swiss"]
[EventRounds "7"]
[EventCountry "ENG"]
[SourceTitle "EXT 2023"]
[Source "ChessBase"]
[SourceDate "2022.10.05"]
[SourceVersion "1"]
[SourceVersionDate "2022.10.05"]
[SourceQuality "1"]

1. e4 e5 2. Nf3 Nc6 3. Bc4 Bc5 4. d3 d6 5. Nc3 Na5 6. Bb3 Nxb3 7. axb3 Nf6 8. Bg5 c6 9. h3 0-0 10. 0-0 Re8 11. Kh1 d5 12. exd5 cxd5 13. Bxf6 gxf6 14. Qd2 Kh8 15. Ra4 Rg8 16. Rh4 Bf5 17. Na4 Be7 18. Nh2 d4 19. f4 b5 20. fxe5 fxe5 21. Rxf5 Bxh4 22. Rxf7 Bg5 23. Qe2 Bf4 24. Nc5 Qd6 25. Qe4 Qg6 26. Qxg6 Rxg6 27. Ng4 Rc8 28. Ne6 Rxe6 29. Nf6 Rxf6 30. Rxf6 Rxc2 31. Kg1 Rxb2 32. Ra6 Rxb3 33. Rxa7 Rxd3 34. Rb7 Bg3 35. Kf1 Re3 36. Rb8+ Kg7 37. Rb7+ Kg6 38. Rb6+ Kf5 39. Rf6+ Kxf6 40. Kg1 Re1# 0-1

[Event "ENG-ch U10"]
[Site "Milton Keynes"]
[Date "2021.10.03"]
[Round "7"]
[White "Hariharan, Shambavi"]
[Black "Catabay, Rezin C"]
[Result "1/2-1/2"]
[WhiteElo "858"]
[BlackElo "1353"]
[PlyCount "55"]
[EventDate "2021.10.02"]
[EventType "swiss"]
[EventRounds "7"]
[EventCountry "ENG"]
[SourceTitle "EXT 2023"]
[Source "ChessBase"]
[SourceDate "2022.10.05"]
[SourceVersion "1"]
[SourceVersionDate "2022.10.05"]
[SourceQuality "1"]

1. d4 e5 2. dxe5 Nc6 3. Nf3 Qe7 4. c3 Nxe5 5. Nxe5 Qxe5 6. Nd2 Nf6 7. Nf3 Qe6 8. Qb3 d5 9. Bf4 c6 10. e3 Nh5 11. Bg3 Nxg3 12. hxg3 Be7 13. Be2 0-0 14. Qc2 h6 15. 0-0 c5 16. c4 Bf6 17. cxd5 Qxd5 18. Rfd1 Qc6 19. Rac1 b6 20. Bc4 Be6 21. Bxe6 Qxe6 22. b3 Rfd8 23. Rd2 Rxd2 24. Nxd2 Rd8 25. a4 Qd5 26. Nc4 Qd3 27. Nb2 Qd2 28. Nc4 1/2-1/2

[Event "ENG-ch U10"]
[Site "Milton Keynes"]
[Date "2021.10.02"]
[Round "2"]
[White "Catabay, Rezin C"]
[Black "Murawski, Jan"]
[Result "0-1"]
[WhiteElo "1353"]
[BlackElo "1108"]
[PlyCount "50"]
[EventDate "2021.10.02"]
[EventType "swiss"]
[EventRounds "7"]
[EventCountry "ENG"]
[SourceTitle "EXT 2023"]
[Source "ChessBase"]
[SourceDate "2022.10.05"]
[SourceVersion "1"]
[SourceVersionDate "2022.10.05"]
[SourceQuality "1"]

1. e4 e5 2. Nf3 Nc6 3. Bc4 Bc5 4. 0-0 Nf6 5. c3 a6 6. d4 Bb6 7. dxe5 Nxe4 8. Qd5 Qe7 9. Qxe4 d6 10. Bg5 f6 11. Bf4 dxe5 12. Bg3 g6 13. Bd5 Bd7 14. Bxc6 Bxc6 15. Qe2 0-0-0 16. Nbd2 g5 17. Nc4 Ba7 18. Qc2 h5 19. h3 Qe6 20. Ncd2 h4 21. Bh2 g4 22. hxg4 Qxg4 23. Kh1 h3 24. Rg1 Rdg8 25. Ne1 hxg2+ 0-1